Loading...
| Science - Biology | 0 | 10 | 1 | 2 | 95 | 41 | 81.80 | 1 | 3 | 0.00 | 0.00 |
| Science - Other | 0 | 8 | 1 | 1 | 75 | 19 | 88.75 | 1 | 1 | 0.00 | 0.00 |
| Other Academic | 0 | 5 | 0 | 1 | 50 | 73 | 102.60 | 0 | 2 | 0.00 | 0.00 |
| Current Events | 0 | 5 | 0 | 1 | 50 | 65 | 98.60 | 0 | 0 | 0.00 | 0.00 |
| Science - Physics | 0 | 6 | 3 | 1 | 45 | 41 | 84.33 | 0 | 2 | 0.00 | 0.00 |
| History - American | 0 | 4 | 0 | 2 | 40 | 114 | 130.50 | 0 | 0 | 0.00 | 0.00 |
| Fine Arts - Other | 0 | 4 | 0 | 0 | 40 | 40 | 55.75 | 2 | 3 | 0.00 | 0.00 |
| Philosophy | 0 | 4 | 1 | 1 | 35 | 106 | 131.00 | 0 | 1 | 0.00 | 0.00 |
| Literature - American | 0 | 3 | 0 | 1 | 30 | 131 | 142.00 | 0 | 0 | 0.00 | 0.00 |
| Science - Chemistry | 0 | 2 | 0 | 0 | 20 | 62 | 88.50 | 0 | 1 | 0.00 | 0.00 |
| Religion | 0 | 2 | 0 | 0 | 20 | 120 | 122.00 | 0 | 0 | 0.00 | 0.00 |
| Mythology | 0 | 2 | 0 | 0 | 20 | 112 | 124.00 | 0 | 0 | 0.00 | 0.00 |
| Social Science | 0 | 2 | 1 | 0 | 15 | 80 | 94.00 | 0 | 0 | 0.00 | 0.00 |
| Any History | 0 | 1 | 0 | 0 | 10 | 119 | 119.00 | 0 | 0 | 0.00 | 0.00 |
| Fine Arts - Classical Music | 0 | 1 | 0 | 0 | 10 | 56 | 56.00 | 1 | 1 | 0.00 | 0.00 |
| Geography | 0 | 1 | 0 | 1 | 10 | 145 | 145.00 | 0 | 0 | 0.00 | 0.00 |
| Literature - British | 0 | 1 | 0 | 0 | 10 | 117 | 117.00 | 0 | 0 | 0.00 | 0.00 |
| Literature - European | 0 | 1 | 0 | 1 | 10 | 142 | 142.00 | 0 | 0 | 0.00 | 0.00 |
| Painting & Sculpture | 0 | 1 | 0 | 0 | 10 | 74 | 74.00 | 0 | 1 | 0.00 | 0.00 |
| History - European | 0 | 0 | 0 | 0 | 0 | 0.00 | 0 | 0 | 0.00 | 0.00 | |
| Literature - World | 0 | 0 | 1 | 0 | -5 | 0.00 | 0 | 0 | 0.00 | 0.00 |